TRANSCOM 2009 section 3: Information and communication technologies
Uložené v:
| Korporativný autor: | |
|---|---|
| Ďalší autori: | , , |
| Médium: | Kniha |
| Jazyk: | English |
| Vydavateľské údaje: |
Žilina
University of Žilina
2009
|
| Predmet: | |
| Tagy: |
Žiadne tagy, Buďte prvý, kto otaguje tento záznam!
|
MARC
| LEADER | 00000nam$a2200000$$$4500 | ||
|---|---|---|---|
| 001 | 0108946 | ||
| 005 | 20240109072212.8 | ||
| 020 | |a 978-80-554-0039-6 | ||
| 041 | 0 | |a eng | |
| 044 | |a SK | ||
| 245 | 1 | 0 | |a TRANSCOM 2009 |b section 3: Information and communication technologies |c edited by: Soňa Stránska, Zuzana Dubcová, and Peter Brída ; under the auspices of: Ján Mikolaj, Ján Bujňák |
| 264 | 1 | |a Žilina |b University of Žilina |c 2009 | |
| 300 | |a 194 s. | ||
| 610 | 2 | 0 | |a technológie informačné |
| 610 | 2 | 0 | |a technológie komunikačné |
| 610 | 2 | 0 | |a veda |
| 610 | 2 | 0 | |a výskum |
| 700 | 1 | |a Stránska, Soňa | |
| 700 | 1 | |a Dubcová, Zuzana | |
| 700 | 1 | |a Brída, Peter | |
| 110 | 2 | |a TRANSCOM 2009. European conference of young research and scientific workers | |